000 00791nam a2200217 a 4500
008 120416s1990 ||||||||||||||||| || u
020 _a0934540624
050 _aJF 1351 Pub
100 _aWildavsky, Aaron B
245 1 0 _aPublic administration
_cedited by Naomi B. Lynn
246 _athe state of the discipline
260 _aNew Delhi
_bEast-West Press
_c1990
300 _axix, 540 p. : ill.
350 _a0.00
500 _aIncludes bibliographical references and indexes.
650 _aPUBLIC ADMINISTRATION--UNITED STATES
650 _aADMINISTRATION
650 _aPUBLIC ADMINISTRATION
700 _aLynn, Naomi B
995 _D0.00
_FCBU-MAIN LIBRARY (Kitwe)
_H1
_I100.00
_M1
_UAVAILABLE
_ZMain Library Open Access Collection
999 _c55252
_d55252